Strategies for successful writing : a rhetoric, research guide, reader, and handbook (Record no. 35053)

MARC details
000 -LEADER
fixed length control field 00579nam a2200157Ia 4500
020 ## - INTERNATIONAL STANDARD BOOK NUMBER
ISBN 9780205883110
050 ## - CALL MARK
Classification number PE 1408 .R426/
100 ## - STATEMENT OF RESPONSIBILITY--MAIN AUTHOR NAME
Personal name Reinking, James A.
245 #0 - TITLE STATEMENT
Title Strategies for successful writing : a rhetoric, research guide, reader, and handbook
250 ## - EDITION / VOLUME STATEMENT
Edition / Volume statement 10th ed.
260 ## - PUBLICATION, DISTRIBUTION, ETC. (IMPRINT)
Year of publication 2014
650 ## - SUBJECT ADDED ENTRY--TOPICAL TERM
Topical Term English language--Rhetoric--Handbooks, manuals, etc. English language--Grammar--Handbooks, manuals, etc. Report writing--Handbooks, manuals, etc. College readers.
942 ## - ADDED ENTRY ELEMENTS (KOHA)
Koha item type Books
Holdings
Withdrawn status Lost status Source of classification or shelving scheme Damaged status Not for loan Permanent Location Current Location Date acquired Accession Number Price effective from Koha item type
    Library of Congress Classification     NILE UNIVERSITY OF NIGERIA - MAIN LIBRARY NILE UNIVERSITY OF NIGERIA - MAIN LIBRARY 04/23/2025 0011168 04/23/2025 Books